000 02257nam0a2200385 4500
001 RU\NLR\bibl\1762855
005 20260409063431.0
010 _a978-5-699-47339-7
_92100
021 _aRU
_b2011-24003
_9177д/11
035 _a(NLR Aleph) 001753660
090 _a1534548
_c1534548
100 _a20110425d2011 |||y0rusy50 ca
101 0 _arus
102 _aRU
105 _ay |||||||||
200 1 _aГражданский процессуальный кодекс Российской Федерации
_eпо состоянию на 20 марта 2011 года
_e[от 14 ноября 2002 г. № 138-Ф3
_eпринят Государственной Думой 23 октября 2002 года
_eодобрен Советом Федерации 30 октября 2002 года
_e(с изменениями от 30 июня 2003 г. ... 23 декабря 2010 г.)]
210 _aМосква
_cЭксмо
_d2011
215 _a302, [1] с.
_d16
225 1 _aКарманный справочник юриста
225 1 _aLEXT-справочник
225 1 _aLEXT-навигатор
300 _aНа обороте тит. л. в макете загл.: LEXT-справочник. Гражданский процессуальный кодекс Российской Федерации
300 _aЗагл. корешка: ГПК РФ
516 0 _aГПК РФ
517 0 _aLEXT-справочник. Гражданский процессуальный кодекс Российской Федерации по состоянию на 10 марта 2010 г7
604 _171001$aРоссийская Федерация
_150011$aГражданский процессуальный кодекс$2nlr_sh2$3RU\NLR\AUTH\661262192
_aРоссийская Федерация
_tГражданский процессуальный кодекс
_92086065
_3RU\NLR\AUTH\661262192
686 _aХ629.2-324.9(2Р)
740 1 _aРоссийская Федерация
_tЗаконы
_iГражданский процессуальный кодекс
_3RU\NLR\AUTH\880379477
_9425338
801 0 _aRU
_bNLR
_c20110425
_gRCR
801 1 _aRU
_bNLR
_c20110425
942 _cBOOK
980 _aNB
980 _aNBR